| 000 | 02282nam a22004457a 4500 | ||
|---|---|---|---|
| 001 | 417 | ||
| 003 | FISKH | ||
| 005 | 20230410164115.0 | ||
| 008 | 230410b cb ||||| |||| 00| 0 eng d | ||
| 020 | _a9781338032826 (pbk.) | ||
| 020 | _a9780545917636 | ||
| 020 | _a1338032828 (pbk.) | ||
| 020 | _a9780545917636 | ||
| 020 | _a0545917638 | ||
| 035 | _a(OCoLC)ocn939559340 | ||
| 040 |
_aCD5 _beng _cCD5 _erda _erda _dBTCTA _dYDXCP _dBDX _dOCLCQ _dBVD _dOKN _dIEU _dOU9 _dOCLCO _dZQP _dOCLCF _dOCLCO _dOQX _dOKN _dOCLCO _dRV8 _dFSIMP _dDLC _dFISKH |
||
| 042 | _alccopycat | ||
| 050 | 0 | 0 |
_aPZ7.H1996 _bHd 2016 |
| 082 | _a813.6 | ||
| 100 | 1 |
_aHapka, Cathy, _eauthor. |
|
| 245 | 1 | 0 |
_aHeart of a dolphin / _cCatherine Hapka. |
| 264 | 1 |
_aNew York : _bScholastic Inc. _c2016 |
|
| 300 |
_a186 pages : _bmap ; _c20 cm |
||
| 336 |
_atext _btxt _2rdacontent |
||
| 337 |
_aunmediated _bn _2rdamedia |
||
| 338 |
_avolume _bnc _2rdacarrier |
||
| 505 | _aM | ||
| 520 | _aWhen Annie spots a dolphin trapped in fishing line in the cove near her house, she rushes to free him. Everyone cheers when she returns to shore, but only Annie knows that she and the dolphin have forged a special bond. He's become her friend--and keeps returning to the cove to visit and play. Meanwhile, out of the water, nothing is going right. Annie's best friend, Emma, has changed, and keeps ditching her to hang out with snobby Morgan. At home, Annie's busy parents barely seem to have time for her, and she's stuck with her hyper younger brother always tagging along. Then a misunderstanding with Morgan makes things even worse ... and ultimately leaves Annie alone and in danger. Can her dolphin friend help her when she needs it most. | ||
| 521 | 2 |
_a800
_bLexile |
|
| 521 | 2 |
_aM
_bRaz-Plus |
|
| 650 | 0 |
_aDolphins _vJuvenile fiction. |
|
| 650 | 1 |
_aDolphins _vFiction. |
|
| 650 | 7 |
_aDolphins _vFiction. _2sears |
|
| 650 | 7 |
_aFriendship _vFiction. _2sears |
|
| 856 | 4 | 2 |
_3Contributor biographical information _uhttps://www.loc.gov/catdir/enhancements/fy1703/2016295814-b.html |
| 856 | 4 | 2 |
_3Publisher description _uhttps://www.loc.gov/catdir/enhancements/fy1703/2016295814-d.html |
| 906 |
_a7 _bcbc _ccopycat _d2 _encip _f20 _gy-gencatlg |
||
| 942 |
_2ddc _cBK _n0 |
||
| 999 |
_c417 _d417 |
||